00975nam a22002657a 4500003000900000005001700009008004100026040003300067041000800100080001000108100002300118245015200141260004900293300001600342490001100358650002300369650015200392650001100544650001100555650000900566650001300575942000700588952009500595999001900690LK-CoDNM20241218150346.0241218b |||||||| |||| 00| 0 eng d aLK-CoDNMdLK-CoDNMeLK-CoDNM aeng a2bC6 aANNANDALE , NELSON aFresh - water sponges in the collection the united states national museum part 4 note on the fresh - water sponge Ephydatia Japonica and its Allies agoverment printing officebwashington c1910 a1p. : 24 cm aVol 38 aANNANDALE , NELSON aFresh - water sponges in the collection the united states national museum part 4 note on the fresh - water sponge Ephydatia Japonica and its Allies a2 c 6  avol 38 a1910 ascience  cBK 001041708SCIaMAINbMAINcREFd2024-12-18l0o2 C6pOS046-5r2024-12-18w2024-12-18yBK c233468d233468